000
00358nam a22001337a 4500
003
SGT
020
_a
9789381054024
082
_a
891.4309
_b
D17H
100
_a
हरिवंश
245
_a
दिल से मैंने दुनिया देखी
260
_b
नीलकमल प्रकाशन
_c
2017
300
_a
169
942
_2
ddc
_c
BK
999
_c
31408
_d
31408